000 01184nam a2200361 i 4500
001 14871
003 KOSZ 005
005 20191207082013.0
008 070608s1972 pl a f |000 0 pol
015 _aPB 1972/10274
035 _a(OCoLC)749479932
040 _aWA N
_cWA N
_dKOSZ 005/HR
046 _k1970
080 _a510.6
080 _a(07)
100 1 _aOpial, Zdzisław
_d(1930-1974).
_eAutor
245 1 0 _aZbiory, formy zdaniowe, relacje /
_cZdzisław Opial.
260 _aWarszawa :
_bPaństwowe Zakłady Wydawnictw Szkolnych,
_cdr. 1972.
300 _a85, [3] strony :
_bilustracje ;
_c23 cm.
336 _2rdacontent
_aTekst
_btxt
337 _2rdamedia
_aBez urządzenia pośredniczącego
_bn
338 _2rdacarrier
_aWolumin
_bnc
380 _aKsiążki.
380 _aPublikacje dydaktyczne.
388 _a1901-2000
388 _a1945-1989
650 4 _aLogika matematyczna
655 4 _aPodręcznik
658 _aMatematyka
710 2 _aPaństwowe Zakłady Wydawnictw Szkolnych
_4pbl.
856 _uhttp://koha.tu.koszalin.pl/cgi-bin/koha/opac-detail.pl?biblionumber=14871
_yKatalog online BPK
942 _2UKD
_cKS
999 _c14871
_d14871